000 00285nam a2200121Ia 4500
008 231221s9999 xx 000 0 und d
041 _aEnglish
082 _a001.6424JAV VAN;3
100 _aVanhelsuwe, Laurance
245 0 _aMastering Java 1.1
650 _aJava 1.1
942 _cFP
999 _c207327
_d207327